000
00310nam a2200133Ia 4500
008
260604s9999 xx 000 0 und d
020
_a
9781319544720
082
_a
339 KRU
100
_a
Paul krugman
_9
35739
245
0
_a
Macroeconomics
260
_b
Worth Publishers
500
_a
Macroeconomics
942
_c
BK
999
_c
8565
_d
8565